| 000 | 01478nam a22003977a 4500 | ||
|---|---|---|---|
| 003 | CHAP | ||
| 005 | 20220817044214.0 | ||
| 008 | 080325d2007 mx r 00110 spa d | ||
| 010 | _a94622 | ||
| 011 | _a95594 | ||
| 035 | _a106221 | ||
| 040 | _cCHAP | ||
| 090 | _aTesis | ||
| 100 | 1 |
_aSerrano Ojeda, María Liliana. _9105230 |
|
| 245 | 1 | 0 |
_aDistancia recorrida por vacas lecheras bajo pastoreo en franjas _c/por María Liliana Serrano Ojeda |
| 260 |
_aChapingo, Méx. : _bEl autor, _c2007 |
||
| 300 |
_a30 h. : _bgráfs. ; cuadros |
||
| 502 | _aTesis (Ing. Agr. Esp. en Zootecnia ) -- UACH. Departamento de Zootecnia | ||
| 530 | _aTambién disponible en línea | ||
| 590 |
_aALEPH _b10 _c20130110 _lUCH01 _h1522 |
||
| 590 |
_aBATCH-UPD _b10 _c20130110 _lUCH01 _h0519 |
||
| 590 |
_aBATCH-UPD _b10 _c20130410 _lUCH01 _h0157 |
||
| 590 |
_aBATCH-UPD _b10 _c20130914 _lUCH01 _h0230 |
||
| 590 |
_aBATCH-UPD _b10 _c20140324 _lUCH01 _h1506 |
||
| 590 |
_aBATCH-UPD _b10 _c20141002 _lUCH01 _h0836 |
||
| 590 |
_aCONVERSION _b10 _c20130109 _lUCH01 _h1352 |
||
| 650 | 1 | 4 | _aAlfalfa. |
| 650 | 1 | 4 |
_aGanado Holstein. _945133 |
| 650 | 1 | 4 |
_aGanado lechero _xAlimentación. _945238 |
| 650 | 1 | 4 |
_aGanado vacuno _xPastoreo. _945502 |
| 856 |
_3Finding aid _uhttp://10.13.5.2/tesis/106221.pdf _zTeclea aqui |
||
| 901 | _aBK | ||
| 942 | _cFOLL | ||
| 949 |
_aTesis _bBC _cTES _d33724002053272 _eTS1 _gDonacion _h47539 _i106221 _sb |
||
| 949 |
_aTesis _bBC _cTES _d33724002067587 _eTS2 _fc.2 _gDonacion _h47540 _i106221 _sb |
||
| 999 |
_c94622 _d94622 |
||